guess the character - Statistics

General Stats
  • This quiz has been taken 9 times
  • The average score is 6 of 16
Answer Stats
Picture Answer % Correct
Joey
89%
Wednesday
78%
eleven
67%
Lucifer
56%
archie
44%
ginny
44%
JJ
44%
bellamy
33%
elena
33%
Otis
33%
Rue
33%
Stiles
33%
alison
22%
daphné
22%
Piper
11%
Samuel
0%
No matching quizzes found
Score Distribution
Percent of People with Each Score
Percentile by Number Answered
Your Score History
You have not taken this quiz